000 00508nam a2200133Ia 4500
008 171212s9999 xx 000 0 und d
020 _a9780833039200
100 _aGalula, David
245 _cGalula, David
_aPacification in Algeria, 1956-1958
260 _bRAND Corporation
_c2006
650 _aGalula, David, 1919–1967; Algeria -- History -- Revolution, 1954–1962 -- Personal narratives, French; Counterinsurgency -- Algeria
650 _aHistory
856 _uwww.jstor.org/stable/10.7249/mg478arpa-rc
999 _c352393
_d352393